000
00347nam a2200169Ia 4500
100
_a
Date/C.J
250
_a
7
942
_c
BK
366
_f
15
654
_a
database
245
_a
Introduction to database system
260
_b
Pearson Education
_a
Mumbai
_c
2000
082
_a
005.74/DAT
300
_a
938
546
_a
ENGLISH
999
_c
33525
_d
33525